Statistics for The Munich Quiz

Click here to take the quiz!

General Stats

  • This quiz has been taken 238 times
    (196 since last reset)
  • The average score is 11 of 17

Answer Stats

HintAnswer% Correct
German nameMünchen
96%
Most successful soccer clubFC Bayern München
93%
Region and Bundesland Munich is the capital of (English name)Bavaria
91%
Largest car company located in MunichBMW
91%
Beer festival that takes place in the fallOktoberfest
90%
Sports event that took place in 1972Summer Olympics
85%
Sports stadium named after an insurance companyAllianz Arena
81%
Public "garden" that is larger than the Central ParkEnglischer Garten
70%
River that runs through itIsar
64%
Italian name (think of a city state)Monaco
59%
Party that attempted the Beer Hall PutschNSDAP
58%
"Swan King" or "Fairy Tale King" who built Neuschwanstein CastleLudwig II.
57%
Famous beer hallHofbräuhaus
50%
What kind of meat is Weißwurst?sausage
48%
Former archbishop of Munich-Freising who became Pope Benedict XVI.Joseph Ratzinger
39%
British prime minister who agreed to the Munich Agreement (Appeasement)Neville Chamberlain
25%
Director of "Aguirre, the Wrath of God" and "Grizzly Man"Werner Herzog
9%

Score Distribution

Percentile by Number Answered

Percent of People with Each Score

Your Score History

You have not taken this quiz since the last reset